Digitech-VIII (Record no. 10555)

MARC details
000 -LEADER
fixed length control field 00247nam a22000977a 4500
008 - FIXED-LENGTH DATA ELEMENTS--GENERAL INFORMATION
fixed length control field 180219b ||||| |||| 00| 0 eng d
020 ## - INTERNATIONAL STANDARD BOOK NUMBER
International Standard Book Number 9788188553716
100 ## - MAIN ENTRY--PERSONAL NAME
Personal name Chugh,R.K.
9 (RLIN) 6460
245 ## - TITLE STATEMENT
Title Digitech-VIII
260 ## - PUBLICATION, DISTRIBUTION, ETC. (IMPRINT)
Place of publication, distribution, etc. New Delhi
Name of publisher, distributor, etc. G. Ram Books
Date of publication, distribution, etc. 2013
Holdings
Withdrawn status Lost status Source of classification or shelving scheme Damaged status Koha normalized classification for sorting Not for loan Home library Current library Shelving location Date acquired Total Checkouts Full call number Barcode Date last seen Price effective from Koha item type
    Dewey Decimal Classification   CHU_003_540000000000000_D7   Good Samaritan School Library Good Samaritan School Library Computer Science 02/19/2018   CHU003.54 D-7 CHU12536 02/19/2018 02/19/2018 BOOK

Powered by Koha